| 000 | 01589nam a22002297a 4500 | ||
|---|---|---|---|
| 001 | 6675 | ||
| 003 | FISKH | ||
| 005 | 20250520110922.0 | ||
| 008 | 250520b cb ||||| |||| 00| 0 eng d | ||
| 040 |
_aFISKH _bkhr _cFISKH _dFISKH |
||
| 082 | _a530 | ||
| 100 | _aSina, Oy | ||
| 245 |
_aវិញ្ញាសា រូបវិទ្យា ជ្រើសរើសពិសេស ថ្នាក់ទី១២ ថ្មី : _bសំរាប់ត្រៀម ប្រលងសញ្ញាប័ត្រមធ្យមសិក្សាទុតិយភូមិ, ប្រលងឆមាស១-២ និងប្រលងសិស្សពូកែ២០០២-២០១២ / _cរៀបរៀងដោយ អយ សុីណា និង សៅ វន្នី |
||
| 260 |
_aភ្នំពេញ : _bសា អុីម , _c២០១១ . |
||
| 300 |
_a169 pages : _billustrations ; _c15 cm . |
||
| 520 | _aសៀវភៅនេះជាជំនួយដល់ប្អូនៗថ្នាក់ទី១២សម្រាប់ត្រៀមប្រលងសញ្ញាបត្រមធ្យមសិក្សាទុតិយភូមិ, ប្រលងឆមាសទី១-២ និងប្រលងសិស្សពូកែ។ | ||
| 520 | _a"This book serves as a helpful resource for Grade 12 students to prepare for the high school diploma exam, first and second semester exams, and outstanding student competitions." | ||
| 650 | _aរូបវិទ្យា | ||
| 650 | _aPhysics | ||
| 942 |
_2ddc _cKHB _n0 |
||
| 999 |
_c6675 _d6675 |
||